Pinocchio : (Registro nro. 9298)
[ vista simple ]
| 000 -LIDER | |
|---|---|
| fixed length control field | 00613nam a22002177a 4500 |
| 003 - IDENTIFICACDOR DE NÚMERO DE CONTROL | |
| control field | DO-SdBNP |
| 005 - DATE AND TIME OF LATEST TRANSACTION | |
| control field | 20180226105803.0 |
| 008 - ELEMENTOS DE LONGITUD FIJA | |
| fixed length control field | 151005b 200 1973 xxu a 00| 0 spa d |
| 040 ## - FUENTE DE CATALOGACIÓN | |
| Agencia que crea de manera original el registro | BPMSU |
| Idioma de catalogación | spa |
| Agencia que realiza la transcripción | BPMSU |
| 082 #4 - NÚMERO DE CLASIFICACIÓN DECIMAL DE DEWEY | |
| Classification number | xxxx |
| Item number | xxxx |
| 100 1# - ASIENTO PRINCIPAL -- NOMBRE PERSONAL | |
| Nombre personal | Disney´s, Walt |
| 245 10 - MENCIÓN DE TITULO | |
| Título | Pinocchio : |
| Subtítulo | and his puppet show adventure / |
| Mención de responsabilidad | Walt Disney´s |
| 260 ## - PUBLICACIÓN, DISTRIBUCIÓN, ETC. (PIE DE IMPRENTA) | |
| Lugar de publicación, distribución, etc | New York : |
| Nombre del editor, distribuidor, etc. | Random house, |
| Fecha de publicación, distribución, etc | 1973. |
| 300 ## - DESCRIPCIÓN FÍSICA | |
| Extensión | 40 p. : |
| Otros detalles físicos | il. ; |
| Dimensiones | 23 cm. |
| 490 1# - MENCIÓN DE SERIES | |
| Mención de serie | Wonderful world of reading |
| 830 #0 - ASIENTO SECUNDARIO DE SERIE--TÍTULO UNIFORME | |
| Título uniforme | Wonderful world of reading |
| 910 ## - VALIDACIÓN | |
| Validación | 144 |
| 942 ## - ADDED ENTRY ELEMENTS (KOHA) | |
| Source of classification or shelving scheme | Dewey Decimal Classification |
| Koha item type | Libros |
| 945 ## - INFORMACIÓN DE PROCESAMIENTO LOCAL | |
| Información de procesamiento local | Inventariado, 2018 / BT |
| 956 ## - LOCAL ELECTRONIC LOCATION AND ACCESS (OCLC) | |
| Nombre de host | Yngrid Lockward |
| Withdrawn status | Lost status | Source of classification or shelving scheme | Damaged status | Not for loan | Collection code | Home library | Current library | Date acquired | Source of acquisition | Total Checkouts | Full call number | Barcode | Date last seen | Price effective from | Koha item type |
|---|---|---|---|---|---|---|---|---|---|---|---|---|---|---|---|
| Dewey Decimal Classification | Colección Infantil General | Biblioteca Pública Metropolitana Salomé Ureña | Biblioteca Pública Metropolitana Salomé Ureña | 03/18/2016 | FUNDI | xxxx xxxx | BPMSU16030174 | 03/18/2016 | 03/18/2016 | Libros |